000 01083nam a2200301 i 4500
001 52632
003 ES-MaACL
005 20250812062523.0
007 t|
008 030902s1951 sp ||||1| spa d
080 _a930.1
100 1 _aDawson, Christopher.
_943009
245 1 0 _aSituación actual de la cultura europea /
_cChristopher Dawson.
260 _aMadrid :
_bAteneo,
_c1951.
300 _a35 p. ;
_c19 cm.
490 1 _aColección "O crece o muere"
_v2
_9183476
500 _aEl original fué dado a conocer en una conferencia pronunciada por el autor en el Ateneo de Madrid el 14 de noviembre de 1951 - verso portada.
610 2 4 _aAteneo de Madrid-
_vConferencias-
_y1940-1982.
_91908
650 4 _aHistoria-
_xFilosofía.
_913380
710 2 _aAteneo de Madrid.
_91875
830 0 _aColección "O crece o muere"
_v2
_9183476
852 _aES-MaACL
_j1938-F-14
_bR.31574
_cDEPOF
852 _aES-MaACL
_jJ-24(2)
_cDEPO2
852 _aES-MaACL
_j2207-F-1
_bR.137970
_cDEPOF
942 _2udc
_cFOLLETOS
_n0
999 _c52632
_d52632